[Event "Regionalliga Nord-West 1819"]
[Site "Bayern"]
[Date "2018.12.16"]
[Round "4.6"]
[White "Schwarzmann, Holger"]
[Black "Pfadenhauer, Tobias"]
[Result "1/2-1/2"]
[WhiteElo "1807"]
[BlackElo "1804"]
[PlyCount "119"]
[EventDate "2018.10.21"]
[EventType "team-tourn"]
[EventRounds "9"]
[EventCountry "GER"]
[SourceTitle "EXT 2022"]
[Source "ChessBase"]
[SourceDate "2021.10.06"]
[SourceVersion "1"]
[SourceVersionDate "2021.10.06"]
[SourceQuality "1"]
[WhiteTeam "Hoechstadt/Aisch"]
[BlackTeam "Kronach"]
[WhiteTeamCountry "GER"]
[BlackTeamCountry "GER"]

1. d4 g6 2. Nf3 Bg7 3. c4 d6 4. Nc3 Nf6 5. e3 0-0 6. Be2 c5 7. 0-0 cxd4 8. exd4 a6 9. Bf4 Nc6 10. h3 Rb8 11. Rc1 Bd7 12. c5 Ne8 13. cxd6 Nxd6 14. d5 Na7 15. Re1 Rc8 16. Bxd6 exd6 17. Qb3 b5 18. Bf1 Re8 19. Rxe8+ Bxe8 20. Re1 Bxc3 21. bxc3 Qc7 22. Qb4 Kf8 23. Qd4 Kg8 24. Qf6 Qd8 25. Qe7 Qd7 26. Qxd7 Bxd7 27. Re7 Rd8 28. Ng5 Nc8 29. Rxf7 h6 30. Ne6 Bxe6 31. dxe6 Re8 32. Rd7 Kf8 33. Rh7 h5 34. Rh8+ Ke7 35. Rxe8+ Kxe8 36. Bd3 Ne7 37. Kf1 Kf8 38. Bc2 Kg7 39. a4 Nd5 40. axb5 axb5 41. Bb3 Nc7 42. h4 Kf6 43. Ke2 Nxe6 44. Ke3 Nc7 45. Ke4 Ke7 46. Kd4 Kf6 47. g3 Kf5 48. f3 g5 49. Bf7 gxh4 50. gxh4 Kf4 51. Bxh5 Kg3 52. Ke4 Kxh4 53. Bf7 Kg5 54. f4+ Kf6 55. Bb3 Kg6 56. Bd5 Kf6 57. Bc6 Kg6 58. f5+ Kg5 59. Bd7 Kf6 60. Bc6 1/2-1/2

[Event "Regionalliga Nord-West 1819"]
[Site "Bayern"]
[Date "2018.11.25"]
[Round "3.7"]
[White "Faeth, Christian"]
[Black "Pfadenhauer, Tobias"]
[Result "1/2-1/2"]
[WhiteElo "1729"]
[BlackElo "1804"]
[PlyCount "47"]
[EventDate "2018.10.21"]
[EventType "team-tourn"]
[EventRounds "9"]
[EventCountry "GER"]
[SourceTitle "EXT 2022"]
[Source "ChessBase"]
[SourceDate "2021.10.06"]
[SourceVersion "1"]
[SourceVersionDate "2021.10.06"]
[SourceQuality "1"]
[WhiteTeam "Sailauf"]
[BlackTeam "Kronach"]
[WhiteTeamCountry "GER"]
[BlackTeamCountry "GER"]

1. d4 d6 2. c4 Nf6 3. Nc3 g6 4. e4 Bg7 5. f4 0-0 6. Nf3 c5 7. d5 Bg4 8. h3 Bxf3 9. Qxf3 Nbd7 10. g4 e6 11. Bd2 exd5 12. exd5 a6 13. Be2 Rb8 14. 0-0 Ne8 15. f5 Bd4+ 16. Kh1 g5 17. h4 h6 18. hxg5 hxg5 19. Kg2 Bxc3 20. Bxc3 f6 21. Rh1 Ng7 22. Bd3 Kf7 23. Rae1 Ne5 24. Bxe5 1/2-1/2

[Event "Pyramiden Franken Cup"]
[Site "Fuerth"]
[Date "2016.09.04"]
[Round "6"]
[White "Brem, Stephan"]
[Black "Pfadenhauer, Tobias"]
[Result "1-0"]
[WhiteElo "2114"]
[BlackElo "1819"]
[PlyCount "93"]
[EventDate "2016.09.01"]
[EventType "swiss"]
[EventRounds "7"]
[EventCountry "GER"]
[SourceTitle "CBM 174 Extra"]
[Source "ChessBase"]
[SourceDate "2016.10.10"]
[SourceVersion "1"]
[SourceVersionDate "2016.10.10"]
[SourceQuality "1"]

1. Nc3 g6 2. h4 Nf6 3. e4 d6 4. Be2 c5 5. h5 Bg7 6. h6 Bf8 7. d4 cxd4 8. Qxd4 Nc6 9. Bb5 Bd7 10. Bxc6 Bxc6 11. Bg5 e5 12. Qd3 Be7 13. Rd1 0-0 14. Bxf6 Bxf6 15. Nd5 Bxd5 16. Qxd5 Be7 17. Ne2 Qb6 18. b3 Rac8 19. c4 Rfd8 20. Nc3 Bf8 21. Rh3 Qb4 22. Ke2 Bxh6 23. Rxh6 Qxc3 24. Rxh7 Qc2+ 25. Rd2 Qxd2+ 26. Kxd2 Kxh7 27. Qxf7+ Kh6 28. Qxb7 Ra8 29. Qa6 Rf8 30. Ke3 Rfd8 31. Kf3 Rf8+ 32. Kg3 Rf4 33. f3 Raf8 34. Qxd6 Kh5 35. Qxe5+ g5 36. c5 Kh6 37. b4 a6 38. a4 R8f6 39. b5 axb5 40. axb5 Rf7 41. c6 R4f6 42. c7 g4 43. c8Q Kg6 44. Qxg4+ Kh7 45. Qeh5+ Rh6 46. Qxf7+ Kh8 47. Qfg8# 1-0

[Event "Pyramiden Franken Cup"]
[Site "Fuerth"]
[Date "2016.09.03"]
[Round "4"]
[White "Pfadenhauer, Tobias"]
[Black "Suess, Stefan"]
[Result "1/2-1/2"]
[WhiteElo "1819"]
[BlackElo "2049"]
[PlyCount "33"]
[EventDate "2016.09.01"]
[EventType "swiss"]
[EventRounds "7"]
[EventCountry "GER"]
[SourceTitle "CBM 174 Extra"]
[Source "ChessBase"]
[SourceDate "2016.10.10"]
[SourceVersion "1"]
[SourceVersionDate "2016.10.10"]
[SourceQuality "1"]

1. d4 Nf6 2. Nf3 b5 3. Bg5 Bb7 4. Nbd2 a6 5. e3 d5 6. c3 Nbd7 7. Bd3 e6 8. 0-0 Be7 9. b4 Ne4 10. Bxe7 Qxe7 11. Qc2 Nd6 12. e4 dxe4 13. Nxe4 Nxe4 14. Bxe4 Bxe4 15. Qxe4 0-0 16. Rfe1 Nf6 17. Qd3 1/2-1/2

[Event "Pyramiden Franken Cup"]
[Site "Fuerth"]
[Date "2016.09.02"]
[Round "3"]
[White "Pfadenhauer, Tobias"]
[Black "Adiyaman, Rene"]
[Result "1/2-1/2"]
[WhiteElo "1819"]
[BlackElo "1882"]
[PlyCount "37"]
[EventDate "2016.09.01"]
[EventType "swiss"]
[EventRounds "7"]
[EventCountry "GER"]
[SourceTitle "CBM 174 Extra"]
[Source "ChessBase"]
[SourceDate "2016.10.10"]
[SourceVersion "1"]
[SourceVersionDate "2016.10.10"]
[SourceQuality "1"]

1. d4 d5 2. Nf3 Nf6 3. Bg5 e6 4. e3 c5 5. c3 Be7 6. Bd3 Nbd7 7. 0-0 0-0 8. Nbd2 b6 9. Ne5 Bb7 10. f4 Nxe5 11. fxe5 Ne4 12. Bxe7 Qxe7 13. Bxe4 dxe4 14. Qg4 cxd4 15. exd4 e3 16. Ne4 Kh8 17. Rae1 f5 18. exf6 gxf6 19. Qh4 1/2-1/2

[Event "Pyramiden Franken Cup"]
[Site "Fuerth"]
[Date "2016.09.01"]
[Round "1"]
[White "Pfadenhauer, Tobias"]
[Black "Loew, Gerald"]
[Result "0-1"]
[WhiteElo "1819"]
[BlackElo "2241"]
[PlyCount "74"]
[EventDate "2016.09.01"]
[EventType "swiss"]
[EventRounds "7"]
[EventCountry "GER"]
[SourceTitle "CBM 174 Extra"]
[Source "ChessBase"]
[SourceDate "2016.10.10"]
[SourceVersion "1"]
[SourceVersionDate "2016.10.10"]
[SourceQuality "1"]

1. d4 Nf6 2. Nf3 c5 3. e3 g6 4. Be2 Bg7 5. 0-0 0-0 6. c4 cxd4 7. Nxd4 Nc6 8. Nxc6 bxc6 9. Nc3 d5 10. Qc2 Bf5 11. Bd3 Qd7 12. e4 dxe4 13. Nxe4 Rfd8 14. Nxf6+ Bxf6 15. Bxf5 Qxf5 16. Qxf5 gxf5 17. Rb1 a5 18. Be3 a4 19. f3 Rab8 20. b4 axb3 21. Rxb3 Rxb3 22. axb3 Rd3 23. Kf2 Rxb3 24. Rd1 Kg7 25. Rd8 Rc3 26. c5 e5 27. Rc8 f4 28. Bd2 Rxc5 29. Ke2 Kg6 30. g4 fxg3 31. hxg3 h6 32. g4 Bg5 33. Bb4 Rc4 34. Bd6 Rc2+ 35. Kf1 Bf4 36. Rg8+ Kf6 37. Re8 Bg3 0-1

[Event "Regionalliga NW 1516"]
[Site "Bayern"]
[Date "2016.01.17"]
[Round "5.8"]
[White "Pfadenhauer, Tobias"]
[Black "Heerlein, Gerd"]
[Result "1-0"]
[WhiteElo "1823"]
[BlackElo "1668"]
[PlyCount "71"]
[EventDate "2015.10.11"]
[EventType "team-tourn"]
[EventRounds "9"]
[EventCountry "GER"]
[SourceTitle "EXT 2018"]
[Source "ChessBase"]
[SourceDate "2017.10.13"]
[SourceVersion "1"]
[SourceVersionDate "2017.10.13"]
[SourceQuality "1"]
[WhiteTeam "Kronach"]
[BlackTeam "Bad Neustadt"]
[WhiteTeamCountry "GER"]
[BlackTeamCountry "GER"]

1. d4 Nf6 2. Nf3 g6 3. e3 Bg7 4. Be2 0-0 5. 0-0 d6 6. c4 Nbd7 7. Nc3 e5 8. Qc2 c6 9. Rb1 Re8 10. b4 e4 11. Nd2 Qe7 12. a4 Nf8 13. b5 Bf5 14. Ba3 h5 15. bxc6 bxc6 16. Qb3 N8h7 17. Qb7 Qxb7 18. Rxb7 d5 19. Bc5 Bf8 20. Rxa7 Rxa7 21. Bxa7 Bb4 22. Ndb1 Ra8 23. Bb6 Nd7 24. Bc7 Ra7 25. Bg3 Nb6 26. cxd5 Nxd5 27. Nxd5 cxd5 28. Bb5 Nf6 29. Rc1 Bd7 30. Rc7 Rxc7 31. Bxc7 Kf8 32. Bxd7 Nxd7 33. a5 Ke7 34. a6 Bd6 35. a7 Bxc7 36. a8Q 1-0

[Event "Nuremberg LGA Cup 9th"]
[Site "Nuremberg"]
[Date "2012.09.06"]
[Round "1"]
[White "Zimmermann, Ulrich"]
[Black "Pfadenhauer, Tobias"]
[Result "1-0"]
[WhiteElo "2219"]
[BlackElo "1801"]
[PlyCount "89"]
[EventDate "2012.09.06"]
[EventType "swiss"]
[EventRounds "7"]
[EventCountry "GER"]
[SourceTitle "CBM 150 Extra"]
[Source "ChessBase"]
[SourceDate "2012.10.19"]
[SourceVersion "1"]
[SourceVersionDate "2012.10.19"]
[SourceQuality "1"]

1. c4 Nf6 2. Nc3 g6 3. e4 d6 4. d4 Bg7 5. Bd3 0-0 6. Nge2 e5 7. d5 Ne8 8. 0-0 f5 9. exf5 gxf5 10. f4 e4 11. Bc2 Na6 12. Be3 c5 13. dxc6 bxc6 14. Ba4 Qc7 15. Nd5 Qb7 16. Bxc6 Qb8 17. Bxa8 Qxa8 18. Bd4 Qb7 19. Bxg7 Qxg7 20. Qd4 Nc5 21. Qxg7+ Kxg7 22. b4 Nd3 23. Rab1 Be6 24. Ne3 Nf6 25. Nc1 Nxc1 26. Rbxc1 Rb8 27. a3 Rc8 28. Rfd1 Rd8 29. Nd5 Kf7 30. Nxf6 Kxf6 31. Kf2 Ke7 32. Ke3 h5 33. Rd2 Rd7 34. a4 Rb7 35. b5 Rc7 36. Rdc2 Rc5 37. Rc3 Kd7 38. Kd4 Ke7 39. a5 Kd7 40. Rg3 Ke7 41. b6 axb6 42. axb6 Rc8 43. b7 Rb8 44. Rb1 Kf6 45. Ra3 1-0

[Event "Landesliga U20 Nord 1112"]
[Site "Bayern"]
[Date "2011.11.12"]
[Round "1.2"]
[White "Pfadenhauer, Tobias"]
[Black "Schulz, Lukas"]
[Result "1/2-1/2"]
[WhiteElo "1789"]
[BlackElo "1845"]
[PlyCount "102"]
[EventDate "2011.11.12"]
[EventType "team-tourn"]
[EventRounds "7"]
[EventCountry "GER"]
[SourceTitle "EXT 2022"]
[Source "ChessBase"]
[SourceDate "2021.10.06"]
[SourceVersion "1"]
[SourceVersionDate "2021.10.06"]
[SourceQuality "1"]
[WhiteTeam "Kronach U20"]
[BlackTeam "Hoechstadt SC U20"]
[WhiteTeamCountry "GER"]
[BlackTeamCountry "GER"]

1. d4 Nf6 2. Nf3 g6 3. e3 Bg7 4. Be2 0-0 5. 0-0 d6 6. Nbd2 Nbd7 7. c3 e5 8. Qc2 Re8 9. dxe5 Nxe5 10. Nxe5 dxe5 11. Rd1 Qe7 12. e4 b6 13. Nf1 Bb7 14. f3 Rad8 15. Bg5 c6 16. Qa4 Qc7 17. Ne3 Bc8 18. b4 Be6 19. c4 Rd4 20. Nc2 Rxd1+ 21. Rxd1 Nh5 22. g3 f6 23. Be3 Bf8 24. a3 Rc8 25. Qb3 Qf7 26. Qc3 b5 27. c5 Qc7 28. Na1 Rd8 29. Rxd8 Qxd8 30. Qd2 Qxd2 31. Bxd2 a5 32. Kf2 a4 33. Nc2 Kf7 34. Bd3 Be7 35. Bc3 Bd8 36. Ne1 Bc7 37. Nc2 Bd8 38. Ke3 Bc7 39. Ne1 Bb8 40. Ng2 Bh3 41. Kf2 Be6 42. Nh4 Bc7 43. Ke3 Bb8 44. Bd2 Bc7 45. Kf2 Bb8 46. Ng2 g5 47. Ne3 Ng7 48. Ng2 Nh5 49. Be2 h6 50. f4 Ng7 51. f5 Bd7 1/2-1/2

[Event "Nuremberg LGA Cup 8th"]
[Site "Nuremberg"]
[Date "2011.09.10"]
[Round "4"]
[White "Pfadenhauer, Tobias"]
[Black "Luther, Helmut"]
[Result "1/2-1/2"]
[WhiteElo "1749"]
[BlackElo "1878"]
[PlyCount "55"]
[EventDate "2011.09.08"]
[EventType "swiss"]
[EventRounds "7"]
[EventCountry "GER"]
[SourceTitle "CBM 144 Extra"]
[Source "ChessBase"]
[SourceDate "2011.10.28"]
[SourceVersion "1"]
[SourceVersionDate "2011.10.28"]
[SourceQuality "1"]

1. d4 d5 2. Nf3 Nf6 3. e3 g6 4. Nbd2 Bg7 5. Be2 0-0 6. b3 c5 7. Bb2 cxd4 8. exd4 Nc6 9. 0-0 b6 10. Ne5 Bb7 11. f4 e6 12. Ndf3 Ne4 13. Ba3 Re8 14. Bd3 Rc8 15. Qe1 f5 16. Nxc6 Bxc6 17. Ne5 Qc7 18. b4 b5 19. Bb2 a6 20. a4 Rb8 21. Nxc6 Qxc6 22. axb5 axb5 23. Ra5 Rec8 24. Qe3 Qd6 25. Qe1 Qd7 26. Qe3 Qd6 27. Qe1 Qd7 28. Qe3 1/2-1/2

[Event "GER-ch U25 op"]
[Site "Willingen"]
[Date "2008.05.16"]
[Round "8"]
[White "Pfadenhauer, Tobias"]
[Black "Schaefer, Emma"]
[Result "1/2-1/2"]
[WhiteElo "1759"]
[BlackElo "1348"]
[PlyCount "95"]
[EventDate "2008.05.11"]
[EventType "swiss"]
[EventRounds "9"]
[EventCountry "GER"]
[SourceTitle "CBM 124 Extra"]
[Source "ChessBase"]
[SourceDate "2008.07.03"]
[SourceVersion "1"]
[SourceVersionDate "2008.07.03"]
[SourceQuality "1"]

1. e4 d5 2. exd5 Qxd5 3. Nc3 Qd6 4. d4 a6 5. Nf3 Nf6 6. Be3 Bg4 7. h3 Bh5 8. Bc4 Nc6 9. 0-0 e6 10. Be2 0-0-0 11. g4 Bg6 12. a3 e5 13. dxe5 Nxe5 14. Qxd6 Bxd6 15. Rac1 h6 16. Rfd1 Rd7 17. Rd2 Rhd8 18. Ne1 Be7 19. Rcd1 Ne4 20. Rxd7 Rxd7 21. Rxd7 Kxd7 22. Nxe4 Bxe4 23. Bd4 Bf6 24. f4 Ng6 25. Bxf6 gxf6 26. Bd3 Bc6 27. f5 Nf4 28. Bf1 Be4 29. c3 b5 30. Kf2 Nd5 31. Bd3 Bxd3 32. Nxd3 Kd6 33. Nb4 Nxb4 34. axb4 Kd5 35. b3 c5 36. Ke1 cxb4 37. cxb4 Kd4 38. Kd2 Ke4 39. Ke2 Kf4 40. Kf2 Kg5 41. Kg3 h5 42. h4+ Kh6 43. gxh5 Kxh5 44. Kh3 Kh6 45. Kg4 Kg7 46. Kh5 Kh7 47. Kg4 Kg7 48. Kf4 1/2-1/2

[Event "GER-ch U25 op"]
[Site "Willingen"]
[Date "2008.05.13"]
[Round "4"]
[White "Pfadenhauer, Tobias"]
[Black "Mueller, Alexander"]
[Result "0-1"]
[WhiteElo "1759"]
[BlackElo "1807"]
[PlyCount "60"]
[EventDate "2008.05.11"]
[EventType "swiss"]
[EventRounds "9"]
[EventCountry "GER"]
[SourceTitle "CBM 124 Extra"]
[Source "ChessBase"]
[SourceDate "2008.07.03"]
[SourceVersion "1"]
[SourceVersionDate "2008.07.03"]
[SourceQuality "1"]

1. d4 d5 2. c4 Nf6 3. cxd5 Nxd5 4. Nc3 Nxc3 5. bxc3 c5 6. Bf4 e6 7. Nf3 Nc6 8. e3 Qa5 9. Qd2 Be7 10. Bg5 f6 11. Bh4 0-0 12. Bd3 cxd4 13. exd4 Nb4 14. Bc4 Nd5 15. Bxd5 Qxd5 16. 0-0 Bd7 17. Rfe1 Rfd8 18. Rab1 b5 19. Ne5 g5 20. Qd3 gxh4 21. Ng6 Bd6 22. Nxh4 Kh8 23. Re3 Rg8 24. Rh3 Qg5 25. f4 Qg7 26. Rg3 Qf7 27. Rh3 f5 28. g3 Bxf4 29. Kh1 Bc6+ 30. Kg1 Be4 0-1

[Event "GER-ch U25 op"]
[Site "Willingen"]
[Date "2008.05.12"]
[Round "3"]
[White "Kelm, Marcel"]
[Black "Pfadenhauer, Tobias"]
[Result "1/2-1/2"]
[WhiteElo "2016"]
[BlackElo "1759"]
[PlyCount "66"]
[EventDate "2008.05.11"]
[EventType "swiss"]
[EventRounds "9"]
[EventCountry "GER"]
[SourceTitle "CBM 124 Extra"]
[Source "ChessBase"]
[SourceDate "2008.07.03"]
[SourceVersion "1"]
[SourceVersionDate "2008.07.03"]
[SourceQuality "1"]

1. c4 Nf6 2. Nc3 e6 3. e4 d5 4. e5 d4 5. exf6 dxc3 6. fxg7 cxd2+ 7. Bxd2 Bxg7 8. Qc2 Bd7 9. Nf3 Bc6 10. Be2 Nd7 11. Rd1 Qf6 12. Bc3 Qg6 13. Qxg6 Bxc3+ 14. bxc3 hxg6 15. 0-0 0-0-0 16. Nd4 Ba4 17. Rb1 e5 18. Nb5 a6 19. Na7+ Kb8 20. Bd1 Kxa7 21. Bxa4 Nb6 22. Bb3 Nd7 23. Rfe1 f6 24. Rbd1 Nc5 25. Rd5 Nxb3 26. axb3 c6 27. Rdd1 Kb6 28. b4 Kc7 29. f3 Rxd1 30. Rxd1 Rh4 31. c5 b6 32. g3 Rc4 33. cxb6+ Kxb6 1/2-1/2

[Event "Oberfranken-ch op 0607"]
[Site "Schney"]
[Date "2007.01.03"]
[Round "4"]
[White "Pfadenhauer, Tobias"]
[Black "Von Loeffelholz, Martin"]
[Result "0-1"]
[WhiteElo "1251"]
[BlackElo "1139"]
[PlyCount "56"]
[EventDate "2007.01.02"]
[EventType "swiss"]
[EventRounds "9"]
[EventCountry "GER"]
[SourceTitle "EXT 2024"]
[Source "ChessBase"]
[SourceDate "2023.10.10"]
[SourceVersion "1"]
[SourceVersionDate "2023.10.10"]
[SourceQuality "1"]

1. e4 e5 2. Nf3 Nf6 3. Nxe5 d6 4. Nf3 Nxe4 5. d3 Nf6 6. g3 Be7 7. Bg2 0-0 8. 0-0 Nc6 9. Nc3 d5 10. d4 Bg4 11. Bf4 Ne4 12. Re1 f5 13. Qd3 Bb4 14. a3 Bxc3 15. bxc3 Ne7 16. Rab1 Ng6 17. Bg5 Nxg5 18. Rxb7 Nxf3+ 19. Bxf3 Bxf3 20. Qxf3 f4 21. Qd3 f3 22. Re3 a5 23. Rxf3 Rb8 24. Ra7 Rxf3 25. Qxf3 Qd7 26. Rxa5 c6 27. Qd3 Qh3 28. Ra6 Rb1+ 0-1